000 00883nam a2200265Ia 4500
003 OSt
005 20220923212653.0
006 a|||||r|||| 00| 0
007 ta
008 220922b |||||||| |||| 00| 0 hin d
024 _a155,111
037 _cTextual
040 _aARTS
_cARTS
_bhin
041 _2hin
_ahin
082 _aO15,1D40,3:g, 152Q2
100 _aअग्रवाल, वासुदेव शरण
245 0 _aमेघदूत
_b एक अध्ययन
246 _aMeghadūta: ek adhyayana
250 _aसंस्क 2
260 _aदिल्ली
_b राजकमल प्रकाशन
_c2012
300 _a237 पृ.
_ccm.
650 _aसंस्कृत साहित्य
942 _hO15,1D40,3:g, 152Q2
_cTEXL
_2CC
999 _c310682
_d310682